A munkanélküliség okai
Elmentve itt :
| Szerző: | |
|---|---|
| Dokumentumtípus: | Prezentáció |
| Megjelent: |
2013
|
| Kulcsszavak: | munkanélküliség |
| Tárgyszavak: | |
| Online Access: | http://eta.bibl.u-szeged.hu/4069 |
| LEADER | 00622nnm a2200193 i 4500 | ||
|---|---|---|---|
| 001 | eta4069 | ||
| 005 | 20201208144713.0 | ||
| 008 | 201208s2013 hu o 0|| hun d | ||
| 040 | |a SZTE Elektronikus Tananyag Archívum |b hun | ||
| 041 | |a hun | ||
| 100 | 1 | |a Martus Bettina | |
| 245 | 1 | 2 | |a A munkanélküliség okai |h [elektronikus dokumentum] / |c Martus Bettina |
| 260 | |c 2013 | ||
| 300 | |a 16 | ||
| 516 | |a Presentation | ||
| 650 | 4 | |a Társadalomtudományok | |
| 650 | 4 | |a Közgazdasági és gazdálkodástudományok | |
| 695 | |a munkanélküliség | ||
| 856 | 4 | 0 | |u https://eta.bibl.u-szeged.hu/4069/1/2010-0012_53_05.pdf |z Dokumentum-elérés |